000 00498nam a22001577a 4500
005 20251108165316.0
008 250721s1993 xx 000 0 ara d
082 1 4 _a956.61/ريا
245 1 0 _aالرياض :
_bحضارة عريقه و حاضر زاهر /
264 _bمنظمة المدن العربيه - المعهد العربي لإنماء المدن،
_c1993.
300 _a713ص :مص
650 1 7 _aالسعودية
650 1 7 _aالتاريخ
942 _2ddc
_cBK
999 _c24737
_d24737